Normal view
MARC view
Entry Personal Name
001 - CONTROL NUMBER
- control field: 814031
003 - CONTROL NUMBER IDENTIFIER
- control field:
005 - DATE AND TIME OF LATEST TRANSACTION
- control field: 20210627062230.0
008 - FIXED-LENGTH DATA ELEMENTS
- fixed length control field: 210627|| aca||aabn | a|a d
040 ## - CATALOGING SOURCE
- Original cataloging agency:
- Transcribing agency:
100 ## - HEADING--PERSONAL NAME
- Personal name: Шешунова, Светлана Всеволодовна
670 ## - SOURCE DATA FOUND
- Source citation: Work cat.: ()683207: 880-01 Хализев, Валентин Евгеньевич 701695, Цикл А.С. Пушкина повести Билкина, 1989
